Danzas tradicionales (Record no. 10284)

MARC details
000 -CABECERA
campo de control de longitud fija 00823nam a2200241 a 4500
001 - NÚMERO DE CONTROL
campo de control BRL_1474
005 - FECHA Y HORA DE LA ÚLTIMA TRANSACCIÓN
campo de control 20190320211226.0
008 - DATOS DE LONGITUD FIJA--INFORMACIÓN GENERAL
campo de control de longitud fija 230114s2001----mx-o######---#000-0#spa-#
020 ## - NÚMERO INTERNACIONAL ESTÁNDAR DEL LIBRO
Número Internacional Estándar del Libro 9688354112
041 ## - CÓDIGO DE LENGUA
Código de lengua del texto/banda sonora o título independiente spa
044 ## - CÓDIGO DEL PAÍS DE LA ENTIDAD EDITORA/PRODUCTORA
Código MARC del país mx
050 #4 - SIGNATURA TOPOGRÁFICA DE LA BIBLIOTECA DEL CONGRESO
Número de clasificación GV1628.M49
Número de documento/Ítem .D36 2001
245 10 - MENCIÓN DE TÍTULO
Título Danzas tradicionales
Resto del título ¿actualidad u obsolescencia?
Mención de responsabilidad, etc. coordinadores Eduardo A. Sandoval Forero [y] Marcelino Castillo Nechar.
250 ## - MENCIÓN DE EDICIÓN
Mención de edición 2a ed.
260 ## - PUBLICACIÓN, DISTRIBUCIÓN, ETC.
Lugar de publicación, distribución, etc. México
Nombre del editor, distribuidor, etc. Universidad Autónoma del Estado de México
Fecha de publicación, distribución, etc. 2001
300 ## - DESCRIPCIÓN FÍSICA
Extensión 203 p.
Otras características físicas il., fotografías (blanco y negro)
Dimensiones 21 cm.
500 ## - NOTA GENERAL
Nota general Au1769
650 14 - PUNTO DE ACCESO ADICIONAL DE MATERIA--TÉRMINO DE MATERIA
Término de materia o nombre geográfico como elemento de entrada Danzas tradicionales mexicanas
Subdivisión geográfica México (Estado)
9 (RLIN) 27034
700 1# - PUNTO DE ACCESO ADICIONAL--NOMBRE DE PERSONA
Nombre de persona Sandoval Forero, Eduardo A.
Término indicativo de función/relación coord.
9 (RLIN) 27035
700 1# - PUNTO DE ACCESO ADICIONAL--NOMBRE DE PERSONA
Nombre de persona Nechar Castillo, Marcelino
Término indicativo de función/relación coord.
9 (RLIN) 27036
902 ## - CATALOGADOR
Iniciales GRL
942 ## - ELEMENTOS DE PUNTO DE ACCESO ADICIONAL (KOHA)
Fuente del sistema de clasificación o colocación Library of Congress Classification
Tipo de ítem Koha Libros
Holdings
Estado de retiro Estado de pérdida Estado dañado No para préstamo Localización permanente Ubicación/localización actual Fecha de adquisición Número de inventario Total de préstamos Signatura topográfica completa Código de barras Fecha visto por última vez Precio válido a partir de Tipo de ítem Koha
El ejemplar forma parte de la colección y puede ser consultado según las políticas vigentes.       Biblioteca Centro de Estudios Ruth D. Lechuga Biblioteca Centro de Estudios Ruth D. Lechuga 23/01/2014 Au1769   GV1628.M49 .D36 2001 (Au1769) GRL01635 22/03/2019 22/03/2019 Libros